Music Quiz

Random Music or Singers Quiz

Billy Joel Song By Initials Quiz Stats

 Plays Quiz not verified by Sporcle

Challenge
Share
Tweet
Embed
Score 0/116 Timer 20:00
0 Plays Today
Initial Song % Correct
PMPiano Man
90.7%
OTGDYOnly the Good Die Young
78.3%
UGUptown Girl
76.6%
TSThe Stranger
75.7%
JTWYAJust the Way You Are
75.7%
WDSTFWe Didn't Start the Fire
74%
RODRiver of Dreams
73.8%
52S52nd Street
73.3%
SGAWShe's Got a Way
70.9%
VVienna
70.7%
BSBig Shot
69.2%
YMBRYou May Be Right
69.2%
AAllentown
69%
MO (AS)Movin' Out
68.8%
MLMy Life
67.9%
AIMAn Innocent Man
67.5%
SFAIRScenes From An Italian Restaurant
66.8%
CJCaptain Jack
66.6%
NYSOMNew York State of Mind
65.7%
ZZanzibar
65.5%
SAAWShe's Always a Woman
65.1%
M2017 (STLGOOB)Miami 2017
64.6%
GSGoodnight Saigon
62.7%
ISRARTMIt's Still Rock and Roll to Me
61.6%
SSStreetlife Serenader
61.4%
PPressure
61.4%
TLTThe Longest Time
60.3%
TEThe Entertainer
60.1%
HHonesty
60.1%
KTFKeeping the Faith
59.9%
SFStorm Front
59.4%
TBOBTKThe Ballad of Billy the Kid
57.5%
IGTEI Go To Extremes
56.8%
P/AYMPrelude/Angry Young Man
56.6%
THAITell Her about It
56.6%
TDAThe Downeaster Alexa
56.6%
LLeningrad
56.6%
AMOTA Matter of Trust
55.3%
L (GMA)Lullabye
54.7%
Initial Song % Correct
ELYNEverybody Loves You Now
54%
DAMWDon't Ask Me Why
52.5%
AFLAll For Leyna
52.3%
YMHYou're My Home
51.4%
LLaura
51.4%
LATMALeave a Tender Moment Alone
51%
SGTHSay Goodbye to Hollywood
50.8%
IDWTBAI Don't Want to Be Alone
50.8%
CLChristie Lee
50.8%
SStiletto
50.1%
SWTTOSleeping with the Television On
49.7%
JJames
49.5%
YOH (SW)You're Only Human (Second Wind)
49.5%
BGBaby Grand
49%
RERosalinda's Eyes
48.8%
TNThis Night
48.6%
TITTThis is the Time
48.4%
RBRRoot Beer Rag
48.2%
EHADEverybody Has a Dream
47.9%
UTNUntil The Night
47.7%
CET (YWTO)C Etait Toi
46.9%
EMEasy Money
46.9%
ASIGAnd So It Goes
46.9%
LALos Angelenos
46.4%
GIRTFTGet it Right the First Time
46.4%
TPTravelin' Prayer
46%
BMOMSBig Man On Mulberry Street
45.3%
WJWWhy Judy Why
44.5%
AASAll About Soul
43.8%
SAFSometimes a Fantasy
43.6%
TGWOCThe Great Wall of China
43%
SHFSummer, Highland Falls
42.3%
SShameless
42.3%
MWModern Woman
42.1%
RRoberta
41.9%
SROTShe's Right on Time
41.9%
ROIRunning on Ice
41.9%
BOBBlonde Over Blue
41.9%
ILTDI've Loved These Days
41.6%
Initial Song % Correct
TNISYThe Night is Still Young
41.6%
NNocturne
41.4%
SINStop in Nevada
41.4%
WTOWhere's The Orchestra
41.2%
IIOHTW(TTY)If I Only Had The Words (To Tell You)
41%
NMLNo Man's Land
41%
SSScandinavian Skies
40.3%
AROOOA Room of Our Own
40.1%
HAMAHalf a Mile Away
39.7%
FLWFamous Last Words
39%
WCTWWorse Comes to Worst
38.6%
TTLNThrough the Long Night
38.6%
YCMMFYou Can Make Me Free
37.7%
LOTBTSLast of the Big Time Spenders
37.7%
WIRWhen in Rome
37.3%
CTTBClose to the Borderline
36.9%
AMVA Minor Variation
36.9%
CTCareless Talk
36.4%
TGSSThe Great Suburban Showdown
36%
AYWDIDAll You Wanna Do Is Dance
36%
COSCode of Silence
36%
SOGState of Grace
35.4%
TITTomorrow is Today
34.7%
ANCAin't No Crime
34.3%
TTYTwo Thousand Years
34.1%
FOTRFalling of the Rain
33.6%
YLSGTMYou Look So Good to Me
33.6%
SSurprises
33.6%
TTemptation
33.6%
TNHSThat's Not Her Style
33.2%
SSouvenir
33%
SOGShades of Grey
33%
TMCThe Mexican Connection
32.1%
WSWeekend Song
31.5%
GTBAGot to Begin Again
30.6%
SATLSomewhere Along the Line
29.7%
GCGetting Closer
26.5%
TATurn Around
25.4%

You're not logged in!

Compare scores with friends on all Sporcle quizzes.
OR
Log In

You Might Also Like...

Show Comments

Extras

Top Quizzes Today


Score Distribution

Your Account Isn't Verified!

In order to create a playlist on Sporcle, you need to verify the email address you used during registration. Go to your Sporcle Settings to finish the process.

Report this User

Report this user for behavior that violates our Community Guidelines.

Details: